[Event "WY Boys-U18"]
[Site "Porto Carras GRE"]
[Date "2010.10.26"]
[Round "7.8"]
[White "Mammadov,A"]
[Black "Salem,AR"]
[Result "0-1"]
[WhiteElo "2358"]
[BlackElo "2501"]

1.e4 c5 2.Nf3 d6 3.Bb5+ Nd7 4.d4 cxd4 5.Qxd4 Nf6 6.Nc3 e5 7.Qd3 h6 8.Be3 Be7
9.Bc4 a6 10.a4 O-O 11.O-O Kh7 12.a5 Qc7 13.b4 b5 14.axb6 Nxb6 15.Bxb6 Qxb6
16.b5 axb5 17.Rxa8 bxc4 18.Qe3 Qc6 19.Ra7 Bd8 20.Raa1 Bb6 21.Qe2 Bd4 22.Ra3 Be6
23.Nd2 Rb8 24.h3 Rb2 25.Rc1 Qc5 26.Ndb1 Rxb1 27.Nxb1 Bb2 28.Rd1 Bxa3 29.Nxa3 Qxa3
30.f3 Nh5 31.Qd2 Nf4 32.Qxd6 Qe3+  0-1

[Event "WY Girls-U14"]
[Site "Porto Carras GRE"]
[Date "2010.10.27"]
[Round "8.1"]
[White "Lei,T"]
[Black "Saduakassova,D"]
[Result "0-1"]
[WhiteElo "1990"]
[BlackElo "2142"]

1.e4 c5 2.Nf3 d6 3.Bb5+ Nc6 4.Bxc6+ bxc6 5.O-O e5 6.c3 Nf6 7.d4 cxd4 8.cxd4 Qc7
9.dxe5 dxe5 10.Qc2 Bb7 11.Bg5 Nd7 12.Nc3 Nc5 13.Rac1 Rc8 14.Be3 Qb8 15.Bxc5 Bxc5
16.Na4 Bd6 17.Nc5 Ba8 18.Rfd1 Rd8 19.Qc4 O-O 20.b4 Qb5 21.Qc3 Bxc5 22.Qxc5 Qxc5
23.bxc5 f6 24.Rb1 Bb7 25.Rxd8 Rxd8 26.Kf1 Ba6+ 27.Ke1 Kf7 28.Nd2 Ke7 29.f3 Kd7
30.g3 Kc7 31.a3 Rd3 32.Rb3 Rd7 33.Rb4 Bb5 34.Rb3 Rd4 35.Rb4 Rd3 36.Rb3 Kb7
37.Rxd3 Bxd3 38.Kf2 Ka6 39.Ke3 Bc2 40.f4 Kb5 41.fxe5 fxe5 42.Nf3 Kxc5 43.Nxe5 Kb5
44.Nf3 c5 45.Ng5 h6 46.Ne6 g5 47.Ng7 Kc4 48.Nf5 Kb3 49.Nd6 Kxa3 50.Nb5+ Kb2
51.Nd6 Bb3 52.Kd3 Be6 53.Nc4+ Kb3 54.Na5+ Ka4 55.Nc6 Bd7 56.Ne5 Be6 57.Kc3 Kb5
58.h4 gxh4 59.gxh4 h5 60.Nd3 Bg4 61.Nf4 a5 62.e5 Kc6 63.Kc4 a4 64.e6 Bd1
65.Kc3 Kd6 66.Nd3 a3 67.e7 Ba4 68.Nf4 Be8 69.Kb3 Kxe7 70.Kxa3 Kd6 71.Kb3 Ke5
72.Ne2 Bf7+ 73.Kc3 Kf5 74.Ng3+ Kg4 75.Ne4 c4 76.Kd4 Kxh4 77.Ke5 Bg6 78.Nc3 Kg3
79.Kd4 Bd3 80.Nd5 h4 81.Nf6 h3 82.Nh5+ Kh4  0-1

[Event "WY Girls-U16"]
[Site "Porto Carras GRE"]
[Date "2010.10.27"]
[Round "8.3"]
[White "Chumpitaz,A"]
[Black "Danelia,M"]
[Result "0-1"]
[WhiteElo "2150"]
[BlackElo "2213"]

1.e4 c5 2.Nf3 d6 3.Bb5+ Bd7 4.Bxd7+ Qxd7 5.c4 Nf6 6.Nc3 g6 7.d4 cxd4 8.Nxd4 Bg7
9.O-O O-O 10.f3 Rc8 11.b3 a6 12.Na4 Qd8 13.Be3 Nfd7 14.Rb1 Nc6 15.Nc3 Rab8
16.a4 Nc5 17.Nde2 Nb4 18.Qd2 a5 19.Nd5 Nc6 20.Rfd1 Qe8 21.Nec3 f5 22.exf5 gxf5
23.Nb5 Qf7 24.Nb6 Rd8 25.Qf2 Ne6 26.Nd5 f4 27.Bb6 Rf8 28.Re1 Be5 29.Qd2 Ng7
30.Bc7 Rbe8 31.Nb6 Qf5 32.Qd5+ Kh8 33.Qe4 Qh5 34.Nd7 Rf5 35.Nxe5 dxe5 36.Rbd1 Ne6
37.Bb6 Rg8 38.Rd3 Qh3 39.Re2 Rh5 40.Kf1 Qxh2 41.Rf2 Qh1+ 42.Ke2 Rxg2 43.Rd1 Ned4+  0-1

[Event "WY Girls-U16"]
[Site "Porto Carras GRE"]
[Date "2010.10.27"]
[Round "8.7"]
[White "Narva,T"]
[Black "Phan Nguyen Mai Chi"]
[Result "0-1"]
[WhiteElo "1929"]
[BlackElo "2106"]

1.e4 c5 2.Nf3 d6 3.Bb5+ Bd7 4.Bxd7+ Qxd7 5.O-O Nc6 6.c3 Nf6 7.Re1 e6 8.d4 cxd4
9.cxd4 d5 10.exd5 Nxd5 11.Ne5 Qc7 12.Nc3 Nxc3 13.bxc3 Nxe5 14.dxe5 g6 15.Qa4+ Qd7
16.Qxd7+ Kxd7 17.Rd1+ Kc6 18.Bg5 Ba3 19.Rd3 Rac8 20.Rad1 b6 21.Kf1 Rc7 22.Bd8 Rb7
23.Ke2 h5 24.c4 Bc5 25.f3 Re8 26.Bg5 Rc8 27.h3 b5 28.cxb5+ Rxb5 29.R1d2 Rcb8
30.Rc2 Rb2 31.Rd6+ Kc7 32.Rdd2 Rxc2 33.Rxc2 Kc6 34.Be3 Rb5 35.f4 Kd5 36.Kf3 Bxe3
37.Kxe3 Ra5 38.Rd2+ Kc6 39.Rc2+ Rc5 40.Rb2 g5 41.Rf2 a6 42.Kd4 gxf4 43.Rxf4 Rc2
44.Rxf7 Rxa2 45.Re7 Ra4+ 46.Ke3 Kd5 47.Rh7 h4 48.Rh5 a5 49.Kf3 Rc4 50.g4 hxg3
51.Kxg3 Rc7 52.Rh8 Ra7 53.Kf4 a4 54.Rd8+ Kc5 55.Rc8+ Kd4 56.Rd8+ Kc3 57.Rc8+ Kd2
58.Rd8+ Ke2 59.Rb8 a3 60.Rb1 Kd2 61.Kg5 Kc2 62.Rf1 Ra8 63.Rh1 Rf8 64.Re1 a2
65.h4 Rf5+ 66.Kg6 Rxe5 67.Rxe5 a1=Q 68.Rxe6 Qg1+ 69.Kh5 Kd3 70.Rg6 Qc5+ 71.Rg5 Qf8
72.Kg6 Ke4 73.Rg4+ Kf3 74.Rg5 Kf4 75.Kh7 Qf6 76.Rh5 Qf7+ 77.Kh6 Kg4 78.Rg5+ Kxh4
79.Rg6 Qf4+ 80.Kg7 Kh5 81.Rf6 Qe5 82.Kf7 Kg5 83.Re6 Qd5 84.Ke7 Kf5 85.Rf6+ Ke5
86.Rh6 Qb7+ 87.Kf8 Qd7 88.Kg8 Kf5 89.Rh7 Qe8+ 90.Kg7 Kg5 91.Rh8 Qe7+ 92.Kg8 Kg6  0-1

[Event "11th Liberec Open"]
[Site "Liberec CZE"]
[Date "2010.10.28"]
[Round "7"]
[White "Noordhoek,H"]
[Black "Loberg,J"]
[Result "1-0"]
[WhiteElo "2089"]
[BlackElo "1949"]

1.e4 c5 2.Nf3 d6 3.Bb5+ Bd7 4.Bxd7+ Qxd7 5.O-O Nc6 6.c4 Nf6 7.Nc3 g6 8.d4 cxd4
9.Nxd4 Bg7 10.Nde2 O-O 11.f3 Rfc8 12.Be3 Qd8 13.b3 Qa5 14.Rc1 Rd8 15.Qd2 Rdc8
16.Rfd1 Nd7 17.g3 Nde5 18.Kg2 Nd7 19.Qe1 Nf6 20.Qf2 b6 21.Rd2 Qa6 22.Rcd1 Qb7
23.Kg1 Rd8 24.Na4 Rac8 25.Nb2 Nb4 26.Nd3 Nxd3 27.Rxd3 Nd7 28.Nf4 Nf6 29.Nd5 Ra8
30.Bf4 Nxd5 31.Rxd5 Rac8 32.Be3 Rc7 33.Qd2 Rcc8 34.Kg2 Bf6 35.g4 Bg7 36.Bf4 Qc7
37.h4 Rb8 38.h5 Qc6 39.Qe2 Qc7 40.a4 Bf6 41.Qd2 Rbc8 42.Kg3 Qb7 43.Rh1 Rc5
44.hxg6 hxg6 45.Qh2 Rdc8 46.e5 Bg7 47.Qh7+ Kf8 48.Bh6 Bxh6 49.Qh8+  1-0

[Event "WY Girls-U18"]
[Site "Porto Carras GRE"]
[Date "2010.10.28"]
[Round "9.12"]
[White "Gorozhankina,J"]
[Black "Eric,J"]
[Result "1/2-1/2"]
[WhiteElo "2069"]
[BlackElo "2218"]

1.e4 c5 2.Nf3 d6 3.Bb5+ Bd7 4.Bxd7+ Qxd7 5.O-O Nf6 6.e5 dxe5 7.Nxe5 Qc8 8.Qf3 Nbd7
9.Nc4 e6 10.d3 Nb6 11.Nc3 Be7 12.Qg3 Nxc4 13.dxc4 Qc6 14.Rd1 O-O 15.Bh6 Ne8
16.Bf4 Qb6 17.b3 Qc6 18.Rd3 Kh8 19.Rad1 Nf6 20.Bd6 Bxd6 21.Qxd6 Qxd6 22.Rxd6 b6
23.f3 g6 24.Kf2 Kg7 25.Ke3 Rfe8 26.a4 Re7 27.Rc6 Rb8 28.a5 h5 29.a6 Kf8 30.Rcd6 Ke8
31.h4 Kf8 32.Rd8+ Re8 33.Rxe8+ Rxe8 34.Nb5 Ra8 35.Kf4 Ke7 36.g3 Ne8 37.Kg5 Nf6
38.Rd6 Ne8 39.Rd3 Nf6 40.Rd1 Nh7+ 41.Kf4 Nf6 42.c3 Nd7 43.Ke3 Nf6 44.b4 Nd7
45.Na3 Rd8  1/2-1/2

[Event "Spartak IM"]
[Site "Subotica"]
[Date "2010.10.28"]
[Round "8"]
[White "Ardeleanu,A"]
[Black "Farkas,Ti"]
[Result "1/2-1/2"]
[WhiteElo "2401"]
[BlackElo "2259"]

1.e4 c5 2.Nf3 d6 3.Bb5+ Bd7 4.Bxd7+ Qxd7 5.O-O Nc6 6.c4 e5 7.d3 g6 8.Nc3 Bg7
9.Nd5 Nge7 10.Bg5 Nxd5 11.cxd5 Nb8 12.Nd2 O-O 13.Qb3 b5 14.a4 b4 15.Nc4 f5
16.f3 f4 17.Bh4 Bf6 18.Bf2 Kh8 19.a5 Na6 20.Qa4 Qxa4 21.Rxa4 Be7 22.b3 g5
23.g4 Rf7 24.Kg2 h5 25.gxh5 Rh7 26.Rh1 Rxh5 27.Raa1 Kg7 28.h4 Rah8 29.Rag1 Kg6
30.hxg5 Rxg5+ 31.Kf1 Rxg1+ 32.Rxg1+ Kf7 33.Rg4 Rh1+ 34.Rg1 Rh6 35.Kg2  1/2-1/2

[Event "20th World Seniors"]
[Site "Arco ITA"]
[Date "2010.10.29"]
[Round "4"]
[White "Beltrami,N"]
[Black "Luebbers,D"]
[Result "1-0"]
[WhiteElo "1991"]
[BlackElo "1607"]

1.e4 c5 2.Nf3 d6 3.Bb5+ Bd7 4.Bxd7+ Nxd7 5.O-O Ngf6 6.Re1 e5 7.a4 a6 8.Na3 Be7
9.Nc4 O-O 10.d3 b5 11.Ne3 Nb6 12.b3 Qd7 13.a5 Nc8 14.Bd2 Na7 15.h3 Nc6 16.Qe2 Qc7
17.Rec1 Qb7 18.Nf5 Rfe8 19.Bg5 Qd7 20.c3 Nd8 21.d4 cxd4 22.cxd4 Nc6 23.d5 Na7
24.b4 Rac8 25.Nd2 Rxc1+ 26.Rxc1 Rc8 27.Qd1 h6 28.Be3 Rxc1 29.Qxc1 Bf8 30.Bxa7 Qxa7
31.Qc8 g6 32.Nxd6 Kg7 33.Qc6 Bxd6 34.Qxd6 Nd7 35.Nf3 f6 36.Qe7+ Kg8 37.Nh4 Qc7
38.Nxg6 Qc8 39.Kh2 Nf8 40.Qxf6  1-0

[Event "WY Boys-U16"]
[Site "Porto Carras GRE"]
[Date "2010.10.29"]
[Round "10.5"]
[White "Liu,Chang"]
[Black "Van Kampen,R"]
[Result "1-0"]
[WhiteElo "2162"]
[BlackElo "2430"]

1.e4 c5 2.Nf3 d6 3.Bb5+ Bd7 4.Bxd7+ Qxd7 5.O-O Nf6 6.Re1 Nc6 7.c3 e6 8.d4 cxd4
9.cxd4 d5 10.e5 Ne4 11.Nbd2 Nxd2 12.Bxd2 Be7 13.h4 O-O 14.h5 h6 15.Qe2 Rae8
16.Bf4 Rc8 17.Rad1 a5 18.Nh2 f6 19.exf6 Bxf6 20.Nf3 Rce8 21.g3 Bd8 22.Rd3 Rf5
23.Re3 Bf6 24.Qd3 Rxh5 25.g4 Rh3 26.Bg3 Nb4 27.Qe2 Rc8 28.Rc3 Nxa2 29.Rxc8+ Qxc8
30.Qxe6+ Qxe6 31.Rxe6 Nb4 32.Rb6 Nc6 33.Kg2 Rxg3+ 34.Kxg3 Nxd4 35.Nxd4 Bxd4
36.Rxb7 Kh7 37.b3 Bc3 38.Rd7 d4 39.Kf4 Kg6 40.Ke4 Kf6 41.f4 g6 42.Rd6+ Kg7
43.f5 gxf5+ 44.gxf5 h5 45.Rg6+ Kh7 46.Rg1 h4 47.Rh1  1-0

[Event "Chigorin Mem Classic Open"]
[Site "St Petersburg RUS"]
[Date "2010.10.29"]
[Round "2"]
[White "Gusev,B"]
[Black "Korchagina,V"]
[Result "1/2-1/2"]
[WhiteElo "1759"]
[BlackElo "2158"]

1.e4 c5 2.Nf3 d6 3.Bb5+ Nd7 4.O-O g6 5.d4 cxd4 6.Qxd4 Nf6 7.e5 dxe5 8.Nxe5 a6
9.Nxd7 Bxd7 10.Bxd7+ Qxd7 11.Rd1 Qxd4 12.Rxd4 Bg7 13.c3 O-O 14.Na3 Rad8 15.Nc2 Nd5
16.Rd3 e5 17.Bg5 Nf6 18.Rad1 Rxd3 19.Rxd3 Ne4 20.Be3 f5 21.f3 Nf6 22.Kf2 e4
23.Rd6 f4 24.Bd4 e3+ 25.Ke2 g5 26.a4 h5 27.a5 g4 28.Ne1 gxf3+ 29.gxf3 Rf7
30.Nd3 Kf8 31.Nxf4 Ke7 32.Bc5 Nd7 33.Nd5+ Ke8 34.Re6+ Kd8 35.Bb6+ Nxb6 36.axb6 Kd7
37.Rxe3 Kc6 38.Re7 Rxe7+ 39.Nxe7+ Kxb6 40.Kd3 Kc5 41.f4 a5 42.b3 b5 43.Nf5 Bf6
44.Ng3 Bh8 45.Ne4+ Kd5 46.Nd2 a4 47.bxa4 bxa4 48.c4+ Ke6 49.Nb1 Kf5 50.Ke3 Bb2
51.c5 a3 52.c6 a2 53.c7 axb1=Q 54.c8=Q+ Kg6 55.Qe8+ Kh6 56.Qf8+ Bg7 57.Qd6+ Kh7
58.Qd3+ Qxd3+ 59.Kxd3  1/2-1/2

[Event "Unive Open"]
[Site "Hoogeveen NED"]
[Date "2010.10.30"]
[Round "9"]
[White "Hendriks,W"]
[Black "Raznikov,D"]
[Result "1/2-1/2"]
[WhiteElo "2424"]
[BlackElo "2354"]

1.e4 c5 2.Nf3 d6 3.Bb5+ Bd7 4.Bxd7+ Qxd7 5.c4 Nf6 6.Nc3 g6 7.d4 cxd4 8.Nxd4 Bg7
9.h3 O-O 10.Be3 Qc7 11.b3 Qa5 12.Qd2 Nc6 13.Rd1 Rac8 14.O-O a6 15.Rfe1 Rfe8
16.Nxc6 Rxc6 17.Nd5 Qxd2 18.Bxd2 Nd7 19.Be3 Kf8 20.f3 Ra8 21.Re2 Nc5 22.Kf1 a5
23.Rc2 Rac8 24.Ke2 a4 25.Rb1 axb3 26.axb3 Ra6 27.b4 Nd7 28.c5 e6 29.Nf4 dxc5
30.bxc5 Rc7 31.Nd3 Ra1 32.Rb5 Ne5 33.Nxe5 Bxe5 34.c6 Bg3 35.Rxb7 Rxb7 36.cxb7 Rb1
37.Rc8+ Kg7 38.Bd4+ Kh6 39.Be3+ Kg7 40.Bd4+ Kh6 41.Be3+  1/2-1/2

[Event "WY Girls-U16"]
[Site "Porto Carras GRE"]
[Date "2010.10.30"]
[Round "11.4"]
[White "Narva,T"]
[Black "Saranya,J"]
[Result "0-1"]
[WhiteElo "1929"]
[BlackElo "2121"]

1.e4 c5 2.Nf3 d6 3.Bb5+ Bd7 4.Bxd7+ Qxd7 5.O-O Nc6 6.c3 Nf6 7.Re1 e6 8.d4 cxd4
9.cxd4 d5 10.e5 Ne4 11.Nbd2 Nxd2 12.Bxd2 Be7 13.Rc1 O-O 14.Rc3 Rac8 15.Ng5 h6
16.Nf3 b5 17.Kh1 b4 18.Rd3 Na5 19.Ng1 f5 20.exf6 Rxf6 21.Qg4 Nc4 22.Bc1 Nd6
23.f3 Rc2 24.Nh3 Nf5 25.Nf4 Kh7 26.h4 Bd6 27.h5 Qc7 28.Rdd1 Qf7 29.Qg6+ Qxg6
30.hxg6+ Kg8 31.Nh5 Rxg6 32.Rd2 Rc4 33.Red1 e5 34.b3 Rxd4 35.Rxd4 Nxd4 36.Nf4 exf4
37.Rxd4 Rg5 38.g4 Bc5 39.Rxf4 Re5 40.Bd2 a5 41.Rf5 Rxf5 42.gxf5 Kf7 43.Bf4 Kf6
44.Bc7 Kxf5 45.Kg2 g5 46.Kf1 h5 47.Ke2 g4 48.fxg4+ hxg4 49.Bxa5 Ke4 50.Bc7 d4
51.Bg3 d3+ 52.Kd1 Bd4 53.Bd6 Bc3 54.a4 bxa3 55.Bxa3 g3 56.Bd6 g2 57.Bh2 Bd4
58.b4 g1=Q+ 59.Bxg1 Bxg1  0-1

[Event "WY Girls-U10"]
[Site "Porto Carras GRE"]
[Date "2010.10.30"]
[Round "11.9"]
[White "Aksoy,Ayca"]
[Black "Copilu,Codruta-Alexa"]
[Result "1-0"]
[WhiteElo "1639"]
[BlackElo "1609"]

1.e4 c5 2.Nf3 d6 3.Bb5+ Bd7 4.Bxd7+ Qxd7 5.O-O Nf6 6.Re1 Nc6 7.c3 e6 8.d4 cxd4
9.cxd4 Be7 10.Nc3 O-O 11.h3 h6 12.Be3 a6 13.Rc1 Rac8 14.Qd2 b5 15.Bf4 b4
16.Nb1 a5 17.Qd3 Qa7 18.Nbd2 Rfd8 19.Be3 Qb7 20.b3 Rc7 21.Rc2 Rdc8 22.Rec1 Nd7
23.Nc4 Nf6 24.Bf4 Rd7 25.Nxa5 Nxa5 26.Rxc8+ Bf8 27.Nd2 e5 28.Be3 d5 29.dxe5 dxe4
30.Qc2 Nd5 31.Qxe4 Qb5 32.Rxf8+ Kxf8 33.Rc5 Nc3 34.Qa8+  1-0

[Event "Chigorin Mem Classic Open"]
[Site "St Petersburg RUS"]
[Date "2010.10.30"]
[Round "3"]
[White "Sergienko,S"]
[Black "Fedorov,Alex"]
[Result "0-1"]
[WhiteElo "2417"]
[BlackElo "2599"]

1.e4 c5 2.Nf3 d6 3.Bb5+ Nd7 4.c3 Nf6 5.Qe2 a6 6.Ba4 Qc7 7.O-O c4 8.Bc2 e6
9.a4 Be7 10.Na3 d5 11.exd5 exd5 12.d3 cxd3 13.Bxd3 Nc5 14.Bg5 O-O 15.Nc2 Bg4
16.Ncd4 Rfe8 17.Qc2 Nfe4 18.Bxe7 Rxe7 19.Rfe1 Nxd3 20.Qxd3 Rae8 21.h3 Bd7
22.Qc2 a5 23.Re2 g6 24.Rae1 Kf8 25.Qb3 Qc5 26.Re3 b6 27.Qc2 Qd6 28.R3e2 Qf6
29.Re3 h6 30.R3e2 g5 31.Re3 Nc5 32.Rxe7 Rxe7 33.Rxe7 Qxe7 34.b3 Kg7 35.Qd1 Qe4
36.Ne1 Kg6 37.Nef3 f6 38.Kh2 Nd3 39.Kg1 Nf4 40.Kh2 h5 41.Qf1 Qd3 42.Qe1 Kf7
43.Qc1 h4 44.Qe1 Bc8 45.Qc1 Bd7 46.Qe1 Kf8 47.Qc1 Ke8 48.Qe1+ Kd8 49.Qc1 Kc7  0-1

[Event "14th OIBM"]
[Site "Bad Wiessee GER"]
[Date "2010.10.31"]
[Round "2.3"]
[White "Keller,M1"]
[Black "Sandipan,C"]
[Result "0-1"]
[WhiteElo "2172"]
[BlackElo "2641"]

1.e4 c5 2.Nf3 d6 3.Bb5+ Nd7 4.d4 cxd4 5.Qxd4 a6 6.Bxd7+ Bxd7 7.Nc3 e5 8.Qd3 h6
9.Be3 Nf6 10.O-O-O b5 11.Nd2 Be7 12.f4 O-O 13.Nf3 b4 14.fxe5 bxc3 15.exf6 Bxf6
16.e5 cxb2+ 17.Kb1 Be7 18.exd6 Bf6 19.Bd4 Be6 20.Bxf6 Qxf6 21.Qd4 Qd8 22.Nd2 Rc8
23.Nb3 Rc4 24.Qxb2 a5 25.Rd4 a4 26.Rxc4 Bxc4 27.Nd2 Bd5 28.c4 Qxd6 29.cxd5 Rb8
30.Nb3 axb3 31.Ka1 bxa2 32.Qd4 Qa3 33.Re1 Qb3  0-1

[Event "Chigorin Mem Classic Open"]
[Site "St Petersburg RUS"]
[Date "2010.10.31"]
[Round "4"]
[White "Irinchinov,V"]
[Black "Svidinsky,D"]
[Result "0-1"]
[WhiteElo "1962"]
[BlackElo "2172"]

1.e4 c5 2.Nf3 d6 3.Bb5+ Nd7 4.c4 Nf6 5.Nc3 g6 6.O-O Bg7 7.d3 O-O 8.h3 Nb6
9.Na4 Nfd7 10.Rb1 a6 11.Bxd7 Nxd7 12.Nc3 Rb8 13.a4 b6 14.Be3 Bb7 15.Qd2 Re8
16.Nh2 e6 17.Bg5 f6 18.Bh4 Ne5 19.f4 Nf7 20.Rbd1 h6 21.Bf2 d5 22.exd5 exd5
23.d4 cxd4 24.Qxd4 f5 25.Qxb6 Qxb6 26.Bxb6 dxc4 27.a5 Nd8 28.Rd7 Be4 29.Re1 Nc6
30.Nxe4 fxe4 31.Re2 Rbc8 32.Ng4 h5 33.Ne3 Nb4 34.g3 c3 35.Rxg7+ Kxg7 36.Bd4+ Kf7
37.Bxc3 Na2 38.Bd2 Red8  0-1

[Event "VII Open"]
[Site "Figueira da Foz POR"]
[Date "2010.11.01"]
[Round "3.11"]
[White "Morais,V"]
[Black "Diogo,V"]
[Result "1/2-1/2"]
[WhiteElo "1994"]
[BlackElo "2271"]

1.e4 c5 2.Nf3 d6 3.Bb5+ Bd7 4.Bxd7+ Qxd7 5.O-O Nf6 6.Re1 e6 7.c3 Nc6 8.d4 cxd4
9.cxd4 d5 10.e5 Ne4 11.Nbd2 Nxd2 12.Bxd2 Be7 13.Rc1 O-O 14.Qb3 f5 15.Rc2 f4
16.Rec1 g5 17.Qd3 g4 18.Ne1 Rac8 19.a3 Kh8 20.b4 a6 21.f3 Rg8 22.fxg4 Rxg4
23.Nf3 Qe8 24.Be1 Qh5 25.Rb1 Rg7 26.Kh1 Rcg8 27.a4 Bd8 28.b5 axb5 29.axb5 Ne7
30.Ra1 Rg4 31.Raa2 Nf5 32.Re2 Bb6 33.Rec2 Ne3 34.Re2 Rxg2 35.Rxg2 Qxf3 36.Rf2 Qxg2+
37.Rxg2 Rxg2 38.Bd2 Rg4 39.h3 Rg3 40.Qa3 Rxh3+ 41.Kg1 Rg3+ 42.Kh1 Bd8 43.Qa8 Rg8
44.Qxb7 Nf5 45.Bxf4 Nxd4 46.b6 Nf3 47.Bh2 Bg5 48.Qf7 Nxh2 49.Qxg8+ Kxg8 50.b7 Ng4
51.b8=Q+ Kf7 52.Qh8 Kg6 53.Kg2 Ne3+ 54.Kf3 h6 55.Qf8 Nc4 56.Qh8 Kf5 57.Qh7+ Kxe5
58.Ke2 Kd6 59.Qg8 e5 60.Qb8+ Kc6 61.Qa8+ Kc5 62.Qa7+  1/2-1/2

[Event "VII Open"]
[Site "Figueira da Foz POR"]
[Date "2010.11.01"]
[Round "3.14"]
[White "Leite,C"]
[Black "Bray,D"]
[Result "1/2-1/2"]
[WhiteElo "2183"]
[BlackElo "1945"]

1.e4 c5 2.Nf3 d6 3.Bb5+ Bd7 4.Bxd7+ Qxd7 5.O-O Nc6 6.Nc3 g6 7.d4 cxd4 8.Nxd4 Bg7
9.Be3 Nf6 10.h3 O-O 11.f4 a6 12.Nf3 Qc7 13.g4 b5 14.Qe1 Qa5 15.e5 Ne8 16.Nd5 Qxe1
17.Raxe1 Rd8 18.Rd1 e6 19.Nc3 f5 20.Ng5 dxe5 21.Nxe6 Rxd1 22.Rxd1 Rf7 23.gxf5 Rxf5
24.Nxg7 Nxg7 25.fxe5 Rxe5 26.Bf4 Rc5 27.Rd7 Nf5 28.Rd2  1/2-1/2

[Event "Chigorin Mem Classic Open"]
[Site "St Petersburg RUS"]
[Date "2010.11.01"]
[Round "5"]
[White "Kalegin,E"]
[Black "Zherebukh,Y"]
[Result "1-0"]
[WhiteElo "2453"]
[BlackElo "2563"]

1.e4 c5 2.Nf3 d6 3.Bb5+ Nd7 4.O-O a6 5.Bxd7+ Bxd7 6.d4 e6 7.Nc3 Ne7 8.dxc5 dxc5
9.Ne5 Ng6 10.Bg5 f6 11.Qh5 Qe7 12.Bh4 O-O-O 13.Nxg6 Qf7 14.Nf4 g6 15.Qe2 g5
16.Bxg5 fxg5 17.Nd3 Qe7 18.Qe3 Be8 19.Rad1 Rg8 20.Ne5 Rxd1 21.Rxd1 Qc7 22.Ng4 Be7
23.e5 Bh5 24.h3 Rf8 25.Ne4 Rf4 26.g3 Rxg4 27.hxg4 Bxg4 28.f3 Bf5 29.Nd6+ Kb8
30.Nxf5 exf5 31.Kg2 h5 32.c4 Qb6 33.b3 Qe6 34.f4 g4 35.Qd3 h4 36.Qd7 Qf7
37.Rd6 Ka7 38.Re6  1-0

[Event "14th OIBM"]
[Site "Bad Wiessee GER"]
[Date "2010.11.02"]
[Round "5.13"]
[White "Ringoir,T"]
[Black "Brodsky,M"]
[Result "0-1"]
[WhiteElo "2379"]
[BlackElo "2549"]

1.e4 c5 2.Nf3 d6 3.Bb5+ Nd7 4.O-O Nf6 5.Re1 a6 6.Bxd7+ Bxd7 7.b3 e6 8.Bb2 Be7
9.d3 O-O 10.Nbd2 Ne8 11.Qe2 b5 12.Rad1 Rc8 13.Nf1 Bc6 14.Ng3 Bb7 15.h3 Qc7
16.Nd2 Bg5 17.Qg4 Bf6 18.Bxf6 Nxf6 19.Qf4 Rfd8 20.Nf3 h6 21.Nh2 Qe7 22.Qh4 Nd5
23.Qxe7 Nxe7 24.Nhf1 d5 25.exd5 Nxd5 26.Ne3 Nb4 27.a3 Nc6 28.Rd2 Nd4 29.Red1 f5
30.Ne2 g5 31.f3 Kf7 32.Kf2 Kf6 33.h4 Kg6 34.Rh1 Rc7 35.Nc3 Rf8 36.Ne2 e5
37.hxg5 hxg5 38.Re1 Rd8 39.Nf1 Nc6 40.Neg3 Rh7 41.Rde2 Re7 42.Kg1 Rde8 43.Kf2 Nd4
44.Rd2 Rc7 45.Ne2 Nc6 46.Neg3 Rce7 47.Rde2 Bc8 48.Rd2 Be6 49.Ne2 Bf7 50.Nfg3 Rd7
51.Red1 Red8 52.Ke1 Kf6 53.Nf1 Rh8 54.Nfg3 Rhd8 55.Nf1 Nd4 56.Nfg3 Ne6 57.Nf1 Bg6
58.Neg3 Nf4 59.Kf2 Nd5 60.Ne2 Ke6 61.Ne3 Nf6 62.Nf1 f4 63.Re1 c4 64.bxc4 bxc4
65.Nc1 cxd3 66.Nxd3 Bxd3 67.cxd3 Rxd3 68.Rb2 g4  0-1

[Event "Chigorin Mem Classic Open"]
[Site "St Petersburg RUS"]
[Date "2010.11.03"]
[Round "7"]
[White "Bratus,P"]
[Black "Martynenko,Al"]
[Result "0-1"]
[WhiteElo "2175"]
[BlackElo "2051"]

1.e4 c5 2.Nf3 d6 3.Bb5+ Bd7 4.a4 Nc6 5.O-O a6 6.Bxc6 Bxc6 7.Re1 e6 8.a5 Nf6
9.Nc3 Be7 10.d3 O-O 11.e5 Nd7 12.exd6 Bxd6 13.Ne4 Be7 14.Qe2 Qc7 15.Bd2 Nf6
16.Bc3 Nxe4 17.dxe4 Qf4 18.Be5 Qg4 19.Bg3 Rfd8 20.Qe3 f6 21.Nd2 e5 22.f3 Qe6
23.Bf2 Rac8 24.Qe2 Be8 25.b3 Bb5 26.c4 Bc6 27.Nb1 f5 28.Nc3 fxe4 29.fxe4 Rf8
30.Nd5 Bxd5 31.cxd5 Qd6 32.Rec1 Rf6 33.Rc4 b5 34.axb6 Qxb6 35.Bh4 Rf7 36.Bxe7 Rxe7
37.b4 cxb4+ 38.Kh1 Rxc4 39.Qxc4 Rc7 40.Qb3 Rc3 41.Qa4 Qb5 42.Qd1 b3 43.h3 b2
44.Rb1 Qc5 45.d6 Rc1 46.d7 Qc7 47.Rxc1 bxc1=Q 48.d8=Q+ Qxd8 49.Qxc1 Qf6 50.Qc8+ Kf7
51.Qd7+ Kg6 52.Qd5 Qf1+ 53.Kh2 Qf4+ 54.Kh1 h6 55.Qc6+ Kh7 56.Qxa6 Qc1+ 57.Kh2 Qf4+
58.Kg1 Qxe4 59.Kf2 Qf4+ 60.Ke2 Qg3  0-1

[Event "Chigorin Mem Classic Open"]
[Site "St Petersburg RUS"]
[Date "2010.11.05"]
[Round "9"]
[White "Fedoseeva,V"]
[Black "Zaryvkina,A"]
[Result "0-1"]
[WhiteElo "1832"]
[BlackElo "2063"]

1.e4 c5 2.Nf3 d6 3.Bb5+ Bd7 4.Bxd7+ Qxd7 5.c3 Nf6 6.Qe2 Qg4 7.O-O Qxe4 8.Qxe4 Nxe4
9.d3 Nf6 10.Na3 a6 11.Nc4 b5 12.Nb6 Ra7 13.Bg5 e6 14.Bxf6 gxf6 15.a4 Rb7
16.a5 Nd7 17.Nxd7 Kxd7 18.Nd2 Bh6 19.Ne4 f5 20.Ng3 Rg8 21.f4 b4 22.c4 Bg7
23.Rab1 b3 24.Kf2 Rb4 25.Ne2 Ra4 26.Ra1 Rb4 27.Nc3 Bxc3 28.bxc3 b2 29.cxb4 bxa1=Q
30.Rxa1 cxb4 31.Rb1 Rb8 32.Rb3 Kc6 33.Ke3 Kc5 34.Rb1 e5 35.fxe5 dxe5 36.Kd2 Kd4
37.Re1 b3 38.Kc1 e4 39.dxe4 fxe4 40.c5 f5 41.c6 Rc8 42.Kb2 Rxc6 43.Kxb3 e3
44.Rd1+ Ke4 45.Rd8 e2 46.Re8+ Kd3 47.Rd8+ Ke3 48.Re8+ Kf2  0-1

[Event "TCh-CZE 2010-11"]
[Site "Frydek Mistek CZE"]
[Date "2010.11.06"]
[Round "1.6"]
[White "Nedela,V"]
[Black "Ponizil,C"]
[Result "1-0"]
[WhiteElo "2334"]
[BlackElo "2398"]

1.e4 c5 2.Nf3 d6 3.Bb5+ Bd7 4.Bxd7+ Qxd7 5.O-O Nf6 6.Re1 e6 7.c4 Be7 8.Nc3 O-O
9.b3 Nc6 10.d4 cxd4 11.Nxd4 Rfd8 12.Bb2 Rac8 13.h3 Qc7 14.Qd2 Bf8 15.Rad1 a6
16.Qg5 Nxd4 17.Rxd4 Qc5 18.Qd2 Be7 19.Rd1 h6 20.Qe2 Ne8 21.Kh1 Bf6 22.R4d3 b5
23.cxb5 axb5 24.f4 b4 25.e5 bxc3 26.Rxc3 Qa5 27.Rxc8 Rxc8 28.exf6 Qxa2 29.fxg7 Qxb3
30.Rd3 Qc2 31.Rd2 Qc4 32.Qf3 Rb8 33.Kh2 Rb3 34.Qf2 f6 35.Rc2 Qe4 36.Rc8 Qg6
37.f5 exf5 38.Qe2 Rxb2 39.Qxb2 Kxg7 40.Qb5 Kf8 41.Qd7 Qf7 42.Qxd6+ Qe7 43.Qf4 Kg7
44.Qxf5 Qd6+ 45.Kg1 Qd4+ 46.Qf2 Qxf2+ 47.Kxf2 Nd6 48.Rc6 Nf7 49.Ke3 Kg6 50.Kf4 Ne5
51.Rd6 Nf7 52.Rd3 Ng5 53.Re3 Nh7 54.h4 h5 55.Rg3+ Kf7 56.Kf5 Nf8 57.Ra3 Ng6
58.Ra7+ Ne7+ 59.Rxe7+ Kxe7 60.Kg6 Ke6 61.Kxh5 Kf5 62.g4+  1-0

[Event "Frauenbundesliga 1st Div 2010-11"]
[Site "Germany GER"]
[Date "2010.11.06"]
[Round "1.4"]
[White "Arakhamia-Grant,K"]
[Black "Schoene,Mar"]
[Result "1-0"]
[WhiteElo "2458"]
[BlackElo "2200"]

1.e4 c5 2.Nf3 d6 3.Bb5+ Bd7 4.Bxd7+ Qxd7 5.O-O Nf6 6.Qe2 Nc6 7.c3 e6 8.d4 cxd4
9.cxd4 d5 10.e5 Ne4 11.Be3 Be7 12.Ne1 f6 13.f3 Ng5 14.Nd3 fxe5 15.dxe5 O-O
16.Nd2 d4 17.Bxg5 Bxg5 18.f4 Be7 19.a3 Qd5 20.Rac1 Kh8 21.Qe4 Rad8 22.Qxd5 Rxd5
23.Ne4 g5 24.fxg5 Nxe5 25.Rxf8+ Bxf8 26.Nf4 Rd8 27.Nxe6 Re8 28.Nxf8 Rxf8
29.Rc7 Rf7 30.Rxf7 Nxf7 31.Kf2 Ne5 32.Ke2 Kg7 33.Nc5 Kg6 34.Nxb7 Kxg5 35.Nc5 Kf5
36.b4 h5 37.a4 Ng4 38.b5 Ke5 39.a5 Kd6 40.b6 d3+ 41.Kd2  1-0

[Event "14th OIBM"]
[Site "Bad Wiessee GER"]
[Date "2010.11.07"]
[Round "9.43"]
[White "Dirr,U"]
[Black "Rau,J"]
[Result "0-1"]
[WhiteElo "2258"]
[BlackElo "2147"]

1.Nf3 c5 2.e4 d6 3.Bb5+ Bd7 4.Bxd7+ Qxd7 5.c4 Nc6 6.Nc3 Nf6 7.O-O g6 8.d4 cxd4
9.Nxd4 Bg7 10.Nde2 O-O 11.f3 a6 12.a4 Qd8 13.Be3 Qa5 14.Kh1 Nd7 15.Rb1 Rfc8
16.Qd2 Nc5 17.b3 Qd8 18.Rfd1 Rab8 19.b4 Nd7 20.c5 Nde5 21.Qa2 Qe8 22.Nd5 dxc5
23.Bxc5 Nd7 24.Be3 b5 25.axb5 axb5 26.Qa6 Nce5 27.Bf4 e6 28.Ne3 Ra8 29.Qb7 Rab8
30.Qa7 Nb6 31.Nd4 Nbc4 32.Nxc4 bxc4 33.b5 Ra8 34.Qb6 c3 35.Rbc1 Nc4 36.Qb7 Bxd4
37.Rxd4 Na5 38.Qb6 Nb3 39.Rdd1 Nxc1 40.Rxc1 Qd7 41.Bd6 c2 42.h3 Ra2 43.Qd4 Qxb5
44.Qf6 Ra5 45.Kh2 Qd3 46.Bf4 Qd8 47.Qxd8+ Rxd8 48.Bc7 Rd1 49.Rxc2 Rb5 50.e5 g5
51.Bd6 h5 52.h4 gxh4 53.Rc4 Rbb1 54.Rxh4 Rh1+ 55.Kg3 Rxh4 56.Kxh4 Rh1+ 57.Kg3 Kg7
58.Be7 Kg6 59.Kf4 Ra1 60.Bf6 Ra4+ 61.Kg3 Kf5 62.Kh3 Rb4 63.Bg7 Rb8 64.Bf6 Rg8
65.g3 Ra8 66.Kg2 Ra2+ 67.Kg1 Re2 68.Kf1 Rxe5  0-1

[Event "49th TCh-DEN XtraCon 2010-11"]
[Site "Denmark DEN"]
[Date "2010.11.07"]
[Round "2.2"]
[White "Pedersen,Christi"]
[Black "Veng,J"]
[Result "1/2-1/2"]
[WhiteElo "2435"]
[BlackElo "2297"]

1.e4 c5 2.Nf3 d6 3.Bb5+ Bd7 4.Bxd7+ Qxd7 5.O-O Nf6 6.Re1 Nc6 7.c4 g6 8.b3 Bg7
9.Bb2 O-O 10.d4 cxd4 11.Nxd4 Nxd4 12.Bxd4 Qc6 13.Nc3 e5 14.Be3 Nxe4 15.Nxe4 Qxe4
16.Qxd6 Rfd8 17.Qc5 Qc2 18.Qb5 b6 19.Qa4 e4 20.Rac1 Qb2 21.h3 Bd4 22.Rb1 Qc2
23.Rbc1 Qb2 24.Bxd4 Rxd4 25.Rcd1 Rd3 26.c5 Rxd1 27.Rxd1 Qc2 28.Re1 Qxc5 29.Rxe4 Rd8
30.Re8+  1/2-1/2